000 01013nam a22002297a 4500
003 OSt
005 20260128093524.0
008 230324b ||||| |||| 00| 0 eng d
040 _cOst
041 _ashan
082 _a294.3092
245 _aပပ်ႉပီၵွၼ်းၶမ်းၸဝ်ႈသုၶမ်း
_bမၢႆတွင်းဝၼ်းၵိူတ်ႇ (50) ပီၸဝ်ႈသုၶမ်း (တၢင်ႉယၢၼ်း)။
_cၸဝ်ႈသြႃႇသုဝရ၊ မၢဝ်းၶမ်း (--လႄႈတၢင်ႇၵေႃႉ) ၸုမ်းထတ်းလိၵ်ႈ-
260 _c2011
300 _a(H)၊ 403 ၼႃႈ
_bၶႅပ်းႁၢင်ႈ (သီ)
_c27 ၸိၼ်ႇထီႇ
500 _a S-SAT: Dr. Prof Sai Aung Tun
504 _aပႃးၽိုၼ်ဢိင်
650 _aထေရုပ်ႉပတ်ႉတိ
_920943
650 _aလိၵ်ႈႁွမ်တွမ်
_920801
942 _cBK
942 _2ddc
942 _2ddc
999 _c23582
_d23582